000
00209 a2200097 4500
001
42368
100
_a
Elsner G
245
_a
The Giant Dwarfs
260
_a
_b
Weidenfeld & Nicolson
_c
090
_c
26303
_d
26303
942
_a
NUST-CAE
_c
M
_c
18118
999
_c
277441
_d
277441